000 00566nam a2200229Ia 4500
003 OSt
005 20220918202517.0
006 a|||||r|||| 00| 0
007 ta
008 220917b |||||||| |||| 00| 0 eng d
024 _a101,801
037 _cTextual
040 _aARTS
_cARTS
_beng
041 _2eng
_aeng
082 _aV216.N7, L8
100 _aRao P R
_9101955
245 0 _aHistory of modern Andhra
260 _aN.D
_bSterling
_c1978
650 _aHISTORY
942 _hV216.N7, L8
_cTEXL
_2CC
999 _c225261
_d225261